Pohľad na rozličné typy kryptoaktív a porovnanie ich prínosov bakalárska práca

Enregistré dans:
Détails bibliographiques
Auteur principal: Machovičová, Aneta
Collectivité auteur: Národohospodárska fakulta EU. Katedra bankovníctva a medzinárodných financií
Autres auteurs: Vateha, Marko Dávid, 1996-
Format: Livre
Langue:slovaque
Publié: Bratislava 2024
Tags: Ajouter un tag
Pas de tags, Soyez le premier à ajouter un tag!

MARC

LEADER 00000nbm a2200000 4500
001 0301736
005 20241024113245.8
041 0 |a slo 
044 |a SK 
245 1 0 |a Pohľad na rozličné typy kryptoaktív a porovnanie ich prínosov  |b bakalárska práca  |c Aneta Machovičová ; školiteľ: Marko Dávid Vateha 
264 1 |a Bratislava  |c 2024 
300 |a 51 s. 
100 1 |a Machovičová, Aneta 
700 1 |a Vateha, Marko Dávid, 1996- 
710 2 |a Národohospodárska fakulta EU. Katedra bankovníctva a medzinárodných financií